000 00936nas a2200301 4500
001 BR0902490
003 BR-BrBNA
005 20231205113344.0
007 ta
008 230509b bl.|||p| |||| 00| 00por d
040 _aBR-BrBNA
_bpor
_cBiblioteca Nacional de Agricultura
041 _a(Pt)
072 _aL73
100 1 _aRoza, M.R. da
100 1 _aSilva, L.A.F. da
100 1 _aDeleck, C.R.
100 1 _aNardi, A.B. de
100 1 _aFerraz, J.R. de S.
245 1 _aNeoplasias da cavidade oral de cães e gatos - parte 2
650 _aCÃO
650 _aGATO
650 _aNEOPLASIA
650 _aBOCA
773 0 _tMEDVEP. Revista Científica de Medicina Veterinária. Pequenos Animais e Animais de Estimação (Brazil)
_xISSN 1678-1430
_g(2008), v. 6(18) p. 185-190
_wBR0902490
856 4 0 _uhttp://www.aprh.pt/rgci/pdf/rgci-155_Borges.pdf
909 _a202311
_bLúcia
_c55
_dLúcia Elande
942 _2AGRIS
_n0
_cANA
999 _c203328
_d203328